拼音以Y开头的国家 Countries pinyin starting with Y - Statistics

General Stats
  • This quiz has been taken 51 times
  • The average score is 9 of 12
Answer Stats
国家 % Correct
亚美尼亚
85%
印度
85%
伊拉克
83%
伊朗
83%
印度尼西亚
83%
意大利
80%
英国
80%
越南
75%
也门
73%
以色列
70%
牙买加
60%
约旦
40%
No matching quizzes found
Score Distribution
Percent of People with Each Score
Percentile by Number Answered
Your Score History
You have not taken this quiz